Szymon Budny jako krytyk tekstów biblijnych. (Record no. 16859)

MARC details
000 -LEADER
fixed length control field 00615cam a22002171 4500
001 - CONTROL NUMBER
control field ca 31000810
003 - CONTROL NUMBER IDENTIFIER
control field DLC
005 - DATE AND TIME OF LATEST TRANSACTION
control field 20260227111125.0
008 - FIXED-LENGTH DATA ELEMENTS--GENERAL INFORMATION
fixed length control field 790424s1913 pl h b 000 0 pol
010 ## - LIBRARY OF CONGRESS CONTROL NUMBER
LC control number ca 31000810
035 ## - SYSTEM CONTROL NUMBER
System control number (OCoLC)4891797
040 ## - CATALOGING SOURCE
Original cataloging agency DLC
Transcribing agency MiDW
Modifying agency DLC
042 ## - AUTHENTICATION CODE
Authentication code premarc
050 00 - LIBRARY OF CONGRESS CALL NUMBER
Classification number BX4827.B75
Item number M4
100 1# - MAIN ENTRY--PERSONAL NAME
Personal name Merczyng, Henryk,
Dates associated with a name 1859-1914.
245 00 - TITLE STATEMENT
Title Szymon Budny jako krytyk tekstów biblijnych.
260 ## - PUBLICATION, DISTRIBUTION, ETC.
Place of publication, distribution, etc. Kraków,
Name of publisher, distributor, etc. Akademia umiejętności,
Date of publication, distribution, etc. 1913.
300 ## - PHYSICAL DESCRIPTION
Extent x, 178 p.
Other physical details facsims.
Dimensions 21 cm.
504 ## - BIBLIOGRAPHY, ETC. NOTE
Bibliography, etc. note Źródła :p. 4-8.
600 10 - SUBJECT ADDED ENTRY--PERSONAL NAME
Personal name Budny, Szymon,
Dates associated with a name 16th century.

No items available.

Powered by Koha